[Event "FRA-chT2 0910"]
[Site "France"]
[Date "2009.10.17"]
[Round "2.6"]
[White "Ricroque, Jean Pierre"]
[Black "Bogratchew, Albert"]
[Result "1-0"]
[WhiteElo "2002"]
[BlackElo "1779"]
[PlyCount "63"]
[EventDate "2009.09.27"]
[EventType "team-tourn"]
[EventRounds "11"]
[EventCountry "FRA"]
[SourceTitle "EXT 2011"]
[Source "ChessBase"]
[SourceDate "2010.11.26"]
[SourceVersion "1"]
[SourceVersionDate "2010.11.26"]
[SourceQuality "1"]

1. d4 d5 2. Nf3 Nf6 3. c4 e6 4. Nc3 a6 5. e3 Nbd7 6. a4 c6 7. a5 Bb4 8. Qa4 Bxc3+ 9. bxc3 0-0 10. Bb2 Re8 11. cxd5 exd5 12. Bd3 Ne4 13. 0-0 c5 14. c4 dxc4 15. Qxc4 cxd4 16. Qxd4 Ndf6 17. Bxe4 Qxd4 18. Bxh7+ Kxh7 19. Bxd4 Bf5 20. Ne5 Kg8 21. Rfc1 Nd7 22. Nc4 Re6 23. Nd2 Rc6 24. e4 Be6 25. Rxc6 bxc6 26. Rc1 Rc8 27. f4 f5 28. exf5 Bxf5 29. Nc4 Be6 30. Nd6 Rc7 31. Bb6 Nxb6 32. axb6 1-0